000 00446nam a22001937a 4500
001 nam a22 7a 4500
003 OSt
005 20210901142737.0
007 nam a22 7a 4500
008 210901b |||||||| |||| 00| 0 eng d
020 _a0340867477
040 _cHU
082 _a515/ABB
100 _aABBOTT T.
_91134
245 _aTEACH YOURSELF CALCULUS
260 _aUK
_bPaul
_c2003
300 _a316p.
942 _2ddc
_cBOOKS
_n0
999 _c1395
_d1395